Rizikový kapitál - alternatívny zdroj financovania podnikateľských subjektov
Definície rizikového kapitálu. Typy rizikového kapitálu. Výhody financovania prostredníctvom rizikového kapitálu. Rizikový kapitál v Európe. Podiel jednotlivých typov rizikových investícií v Európe v roku 2005. Rizikový kapitál na Slovensku. Bariéry rozvoja rizikového investovania na Slovensku. Fond...
Salvato in:
| Autore principale: | |
|---|---|
| Natura: | Capitolo di libro |
| Lingua: | slovacco |
| Soggetti: | |
| Tags: |
Nessun Tag, puoi essere il primo ad aggiungerne!!
|
MARC
| LEADER | 00000naa$a2200000$$$4500 | ||
|---|---|---|---|
| 001 | 0082060 | ||
| 005 | 20240502071924.4 | ||
| 041 | 0 | |a slo | |
| 044 | |a SK | ||
| 245 | 1 | 0 | |a Rizikový kapitál - alternatívny zdroj financovania podnikateľských subjektov |c Alena Bašová |
| 520 | |a Definície rizikového kapitálu. Typy rizikového kapitálu. Výhody financovania prostredníctvom rizikového kapitálu. Rizikový kapitál v Európe. Podiel jednotlivých typov rizikových investícií v Európe v roku 2005. Rizikový kapitál na Slovensku. Bariéry rozvoja rizikového investovania na Slovensku. Fondy rizikového kapitálu na Slovensku. | ||
| 610 | 2 | 0 | |a kapitál rizikový |
| 610 | 2 | 0 | |a investície |
| 610 | 2 | 0 | |a investovanie |
| 610 | 2 | 0 | |a financie |
| 610 | 2 | 0 | |a podnikanie |
| 610 | 2 | 0 | |a banky |
| 610 | 2 | 0 | |a fondy investičné |
| 100 | 1 | |a Bašová, Alena, 1961- | |